000 00425nam a2200169Ia 4500
008 230524s9999 xx 000 0 und d
020 _a9788126516094
082 _a658.45
_bMAR
100 _aJoseph S Martinich
245 0 _aProduction and Operations Management
250 _aIST
260 _aNEW DELHI
_bJohn Wiley
_c2008
300 _aXXII;858
500 _aQuantity Number: 5
650 _aManagement
942 _cBK
999 _c41175
_d41175